Statistiques concernant philly flingo - Alpha Wann

Cliquez ici pour prendre le quiz!

Statistiques générales

  • Ce quiz a été pris 144 fois
  • Le résultat moyen est 248 sur 462

Statistiques - réponses

Réponse% Correct
l'
98%
à
96%
a
96%
C'
96%
c'
96%
d'
96%
s'
95%
J'
93%
j'
93%
pas
93%
pour
93%
aux
92%
de
92%
Je
92%
je
92%
le
92%
Les
92%
les
92%
Batman
91%
c'est
90%
chauve
90%
histoires
90%
souris
90%
t'
90%
gosses
89%
crois
88%
m'
88%
et
86%
me
86%
n'
86%
Flingo
82%
Philly
82%
trop
81%
avec
79%
la
79%
La
79%
un
79%
être
78%
évite
78%
soumis
77%
y
74%
Y
74%
collab
73%
se
73%
comme
72%
mes
71%
rebelle
70%
Arthur
69%
mercenaire
68%
fais
67%
même
67%
une
67%
ma
66%
Migos
66%
Nikos
66%
sais
66%
comment
65%
j'suis
65%
J'suis
65%
Sur
65%
sur
65%
soldat
64%
est
63%
ou
61%
semaine
60%
en
58%
En
58%
première
58%
chante
56%
mène
56%
ventes
56%
qu'
54%
dieses
53%
par
53%
nombres
52%
ça
51%
dans
51%
Il
50%
il
50%
J'pense
50%
des
49%
jours
49%
derniers
48%
X
47%
Nigo
46%
suis
45%
guerre
44%
pro
42%
on
41%
J'fais
40%
Malcolm
40%
va
40%
que
39%
te
38%
tu
38%
macronique
37%
régime
37%
chronique
34%
j'rédige
34%
matrixé
34%
comique
33%
Kross
33%
bruits
32%
Don
32%
faut
32%
qui
32%
sous
32%
Kris
31%
maintenant
31%
vite
31%
600
30%
coffres
30%
ils
30%
quand
30%
deux
29%
Enfant
29%
Greg
28%
Volts
28%
électrique
27%
genre
27%
quarantaine
27%
maison
26%
sont
26%
trentaine
26%
Ambiance
25%
cadence
25%
proche
25%
rentre
25%
fenêtre
24%
Moi
24%
ouvre
24%
pièce
24%
victoire
24%
confinement
23%
fut
23%
grand
23%
liaisons
23%
nouvelle
23%
oiseaux
23%
Prochain
23%
pue
23%
sombre
23%
entre
22%
lucarne
22%
miff
22%
mise
22%
ne
22%
Parfum
22%
Vacances
22%
air
21%
blancs
21%
Dada
21%
envolent
21%
J'ai
21%
du
20%
feras
20%
pleine
20%
retraite
20%
sons
20%
veste
20%
entrainer
19%
futur
19%
mains
19%
suivre
19%
cause
18%
flingue
18%
gratuitement
18%
Popovitch
18%
réduis
18%
réseau
18%
agrandis
17%
concu
17%
J'peux
17%
miens
17%
Mixtape
17%
nouveaux
17%
répondais
17%
sniper
17%
vrais
17%
crocodile
16%
Début
16%
dit
16%
fragrance
16%
ondes
16%
ont
16%
parenthèse
16%
reviens
16%
sortir
16%
thème
16%
turfu
16%
yeux
16%
Champs
15%
gens
15%
plus
15%
point
15%
prototypes
15%
raconte
15%
rond
15%
touche
15%
ans
14%
antenne
14%
explose
14%
faux
14%
lisent
14%
reste
14%
33
13%
centilitres
13%
m'demandait
13%
Prada
13%
regarde
13%
gros
12%
jaloux
12%
XIV
12%
4
11%
augmente
11%
dessus
11%
luxe
11%
maire
11%
rageux
11%
rappe
11%
saboteurs
11%
tirer
11%
toute
11%
aiguilles
10%
canettes
10%
font
10%
J'sais
10%
temps
10%
tranquilise
10%
velcro
10%
cadran
9%
circonstance
9%
J'te
9%
level
9%
vers
9%
blinde
7%
bus
7%
décadente
7%
jambes
7%
Société
7%
j'guette
6%
marche
5%
amène
4%
file
4%
rivaux
4%

Distribution des résultats

Percentile par nombre de réponses

% des personnes avec chaque résultat

Votre développement - résultats

Vous n’avez pas pris ce quiz